书目信息 |
| 题名: |
电学原理
|
|
| 作者: | и·Е·塔姆 著 ;钱尚武 , 赵祖森 译 | |
| 分册: | 上册 | |
| 出版信息: | 上海 商务印书馆 1957.01 |
|
| 页数: | 263页 | |
| 开本: | 20cm | |
| 丛书名: | ||
| 单 册: | ||
| 中图分类: | O441.1 | |
| 科图分类: | ||
| 主题词: | 电磁学 , 电动力学 | |
| 电子资源: | ||
| ISBN: | ||
| 000 | 00772nam0 2200265 450 | |
| 001 | 0641323719 | |
| 005 | 20060819113249.10 | |
| 010 | @dCNY1.20 | |
| 091 | @a15017.31 | |
| 100 | @a20060819d1957 km y0chiy0120 ea | |
| 101 | 0 | @achi@crus |
| 102 | @aCN@b310000 | |
| 200 | 1 | @a电学原理@Adian xue yuan li@h上册@f(苏)и·Е·塔姆著@F(su)и·Е·ta mu zhu@g钱尚武,赵祖森译@Gqian shang wu,zhao zu sen yi |
| 205 | @a4版 | |
| 210 | @a上海@c商务印书馆@d1957.01 | |
| 215 | @a263页@d20cm | |
| 300 | @a高等学校教学用书 | |
| 606 | 0 | @a电磁学 |
| 606 | 0 | @a电动力学 |
| 690 | @aO441.1@v3 | |
| 701 | 0 | @aи·Е·塔姆@Aи·Е·ta mu@4著 |
| 702 | 0 | @a钱尚武@Aqian shang wu@4译 |
| 702 | 0 | @a赵祖森@Azhao zu sen@4译 |
| 801 | 0 | @aCN@bPFT@c20060819 |
| 905 | @a10447@dO441.1@e113:1=4 | |
| 电学原理.上册/(苏)и·Е·塔姆著/钱尚武,赵祖森译.-4版.-上海:商务印书馆,1957.01 |
| 263页;20cm |
| 高等学校教学用书 |
| ISBN :CNY1.20 |
| ● |
| 相关链接 |
|
|
|
|
正题名:电学原理
索取号:O441.1/113:1=4
 
预约/预借
| 序号 | 登录号 | 条形码 | 馆藏地/架位号 | 状态 | 备注 |
| 1 | 0468894 | 204688944 | 密集书库/ [索取号:O441.1/113:1=4] | 在馆 |